000 01586cam a2200385 i 4500
001 45173
003 Mx-PuUPA
005 20260416132043.0
008 140415s2025 sp a g 000 0 spa d
017 _aB 21557-2024
020 _a9788413828152
040 _cMx-PuUPA
_aMx-PuUPA
_bspa
_dMx-PuUPA
_erda
041 1 _aspa
_heng
100 1 _aChiego, Daniel J.,
_cJr.
_eautor
_918025
240 1 0 _aOral histology and embryology.
_lEspañol
245 1 0 _aPrincipios de histología y embriología bucal con orientación clínica /
_cDaniel j. Chiego
250 _aSexta edición
264 1 _aBarcelona, España :
_bElsevier España,
_c©2025
300 _aix, 227 páginas :
_bilustraciones, diagramas ;
_c28 cm
336 _2rdacontent
_atexto
_btxt
336 _2rdacontent
_aimagen fija
_bsti
337 _2rdamedia
_asin medio
_bn
338 _2rdacarrier
_avolumen
_bnc
650 7 _2armarc
_aBoca
_xHistología
650 7 _2armarc
_aDientes
_xHistología
650 7 _2armarc
_aEndodoncia
650 7 _2armarc
_aDientes
_xCuidado e higiene
650 7 _2armarc
_aEmbriología humana
765 0 _aChiego, Daniel J., Jr.
_b6th edition
_d[España] : Elsevier, ©2025
_tOral histology and embryology.
_z9780323876643
942 _2ddc
_cLI
_h611.31
_iC5318
999 _c45173
_d45173